000 01271cam a2200325 i 4500
001 727553
003 EG-ScBUE
005 20241021102820.0
008 980727t1998 enk f 001 0 eng d
020 _a0521642035
040 _aDLC
_beng
_erda
_cDLC
_dDLC
_dEG-ScBUE
082 0 4 _a515.64
_222
_bJOS
100 1 _aJost, Jürgen,‏
_d1956-‏
_eauthor.
245 1 0 _aCalculus of variations /
_cJürgen Jost and Xianqing Li-Jost, Mar-Planck Institute for Mathematics in the Sciences, Leipzig.
264 1 _aCambridge, UK ;
_aNew York :
_bCambridge University Press,
_c[1998]
264 4 _cc1998
300 _axvi, 323 pages ;
_c24 cm.
336 _2rdacontent
_atext
_btxt
337 _aunmediated
_2rdamedia
_bn
338 _avolume
_bnc
_2rdacarrier
490 0 _aCambridge studies in advanced mathematics ;
_v64
500 _aIncludes index.
650 7 _2BUEsh
_aCalculus of variations.
655 _vReading book
700 1 _aLi-Jost, Xianqing,‏
_d1956-‏
_eauthor.
856 4 2 _3Publisher description
_uhttp://www.loc.gov/catdir/description/cam029/98038618.html
856 4 1 _3Table of contents
_uhttp://www.loc.gov/catdir/toc/cam027/98038618.html
942 _2ddc
_cBB
999 _c11174
_d11174